000 00736aas a2200217 4500
999 _c4879
_d4879
003 BR-BrBNA
005 20230317234331.0
007 ta
008 230119b bl ||||| |||| 00| 0 por d
022 _a1518-952X
040 _aBR-BrBNA
_bPort.
_cBR-BrBNA
044 _abl
245 _aDesenvolvimento e Meio Ambiente (Brazil)
_c3
260 _aCuritiba-PR
_bUniversidade Federal do Paraná-UFPR
_c20051995
_eBPR
270 _aRua João Negrão, 280 - Centro - Cx. Postal, 17.309 - Cep: 80010-200
310 _airregular
500 _aos números 2-22 e 24 estão tratados como monografias. A partir do nímero 25 somente no site: http://ojs.c3sl.ufpr.br
505 _a2012 (26); 2013 (27-28);
909 _a56
_bSergio Santos
_c56
_dSergio Santos
942 _cCR
_2AGRIS